Tendenciji ta dinamika rozvitku svitovogo tovarnogo rinku produkciji mašinoguduvannja
Strojársky priemysel ako jeden najdôležitejších priemyslov každej krajiny. Strojársky priemysel ako kľúč k úspešnému a ziskovému zahraničnému obchodu. Pandémia COVID-19 ako negatívny faktor pre strojársky priemysel.
Uložené v:
| Hlavný autor: | |
|---|---|
| Ďalší autori: | , |
| Médium: | Kapitola |
| Jazyk: | Ukrainian |
| Predmet: | |
| Tagy: |
Žiadne tagy, Buďte prvý, kto otaguje tento záznam!
|
MARC
| LEADER | 00000naa a2200000 4500 | ||
|---|---|---|---|
| 001 | 0281543 | ||
| 005 | 20250509142115.9 | ||
| 041 | 0 | |a ukr | |
| 044 | |a UA | ||
| 245 | 1 | 0 | |a Tendenciji ta dinamika rozvitku svitovogo tovarnogo rinku produkciji mašinoguduvannja |c Belan Christian, Erfan Yeva, Simona Chuguryan |
| 520 | |a Strojársky priemysel ako jeden najdôležitejších priemyslov každej krajiny. Strojársky priemysel ako kľúč k úspešnému a ziskovému zahraničnému obchodu. Pandémia COVID-19 ako negatívny faktor pre strojársky priemysel. | ||
| 610 | 2 | 0 | |a trh svetový |
| 610 | 2 | 0 | |a výrobky |
| 610 | 2 | 0 | |a investície |
| 610 | 2 | 0 | |a inovácie technologické |
| 610 | 2 | 0 | |a technológia |
| 610 | 2 | 0 | |a výrobky strojárske |
| 610 | 2 | 0 | |a priemysel strojársky |
| 610 | 2 | 0 | |a pandémia |
| 610 | 2 | 0 | |a koronavírus |
| 100 | 1 | |a Christian, Belan | |
| 700 | 1 | |a Yeva, Erfan | |
| 700 | 1 | |a Chuguryan, Simona, 1977- | |